000 01360nam a22002417a 4500
005 20231010093132.0
008 231009b ||||| |||| 00| 0 eng d
020 _a9781107683655
040 _cAL
041 _aeng
082 _223
_a570.1
_bSCHW
100 _aErwin Schrodinger
_9137007
245 _aWhat is Life:
_b The Physical Aspects of the Living Cell with mind and matter: Autobiographical Sketches
260 _aNew Delhi
_bCambridge University Press
_c2022
300 _aviii,184p.
_bPB
_c21x14cm.
365 _2Physics
_a4920
_b872.00
_c
_d1090.00
_e20%
_f27-09-2023
520 _aNobel laureate Erwin Schrödinger's What is Life? is one of the great science classics of the twentieth century. It was written for the layman, but proved to be one of the spurs to the birth of molecular biology and the subsequent discovery of DNA. What is Life? appears here together with Mind and Matter, his essay investigating a relationship which has eluded and puzzled philosophers since the earliest times. Brought together with these two classics are Schrödinger's autobiographical sketches, which offer a fascinating account of his life as a background to his scientific writings.
650 _aHereditary Mechanism
_9136960
650 _aMutations
_9136961
650 _aEntropy
_9136962
700 _aSCHRODINGER (Erwin)
_9136963
942 _2ddc
_cBK
999 _c228942
_d228942